=LDR 00000nam 2200000 4500 =001 INLIS000000000006572 =005 20251111093636 =035 ##$$a 0010-1125000446 =007 ta =008 251111###########################0#ind## =082 ##$$a 659.2 =084 ##$$a 659.2 BAD s =245 1#$$a Siaran Pers : $b - /$c Badan Koordinasi Keluarga Berencana Nasional =260 ##$:$b Badan Koordinasi Keluarga Berencana Nasional =300 ##$$a 6 hal : $b - ; $c 21 cm =650 #4$$a Keluarga Berencana =110 #$$a Badan Koordinasi Keluarga Berencana Nasional =856 ##$$a Perpustakaan Kemendukbangga